CONCEPTS of genetics

Gorde:
Xehetasun bibliografikoak
Formatua: Liburua
Hizkuntza:ingelesa
Argitaratua: Pearson Education 2016
Etiketak: Etiketa erantsi
Etiketarik gabe, Izan zaitez lehena erregistro honi etiketa jartzen!

MARC

LEADER 00000nam a22000007a 4500
008 201210b ||||| |||| 00| 0 eng d
020 |a 978-1-292-07726-0 
245 |a CONCEPTS of genetics  |c William S. Klug …[et al.]  |g 889p.; ill. 
250 |b 11th ed. 
260 |b Pearson Education  |c  2016  |h Boston  |i 691262  |i  691263  |l QH430 .C76  |m Genetics phenomena. 
500 |a It includes index 
942 |a lcc  |c BK  |e ADEYEYE Y. S.  |f 10/12/2020 
952 |0 0  |1 0  |2 lcc  |4 0  |6 QH0430 C76  |7 0  |9 328  |a HOL  |b SL  |c QZ  |d 2020-12-10  |l 0  |o QH430 .C76  |p 2020-2063  |r 2020-12-10 00:00:00  |w 2020-12-10  |y BK 
952 |0 0  |1 0  |2 lcc  |4 0  |6 QH0430 C76  |7 0  |9 329  |a HOL  |b HOL  |c QZ  |d 2020-12-10  |l 0  |o QH430 .C76  |p 2020-2064  |r 2020-12-10 00:00:00  |w 2020-12-10  |y BK 
999 |c 153  |d 153